| Поле | Инд. | ПП | Название | Значение |
|---|---|---|---|---|
| Тип записи | a | |||
| Библиографический уровень | m | |||
| 001 | Контрольный номер | 9f048c13-e108-4199-80ae-0467e355a25a | ||
| 005 | Дата корректировки | 20140703163527.2 | ||
| 008 | Кодируемые данные | 080311 | ||
| 020 | a | ISBN | 5-94648-014-6 | |
| c | Цена, тираж | 170.00 | ||
| 040 | a | Служба первич. каталог. | НБ ТвГУ | |
| 041 | a | Код языка текста | rus | |
| 080 | a | Индекс УДК | 159.9 | |
| 084 | a | Индекс другой классификации/Индекс ББК | Ю9 | |
| a | Индекс другой классификации/Индекс ББК | Ю937 | ||
| a | Индекс другой классификации/Индекс ББК | Ю95 | ||
| 090 | x | Авторский знак | П69 | |
| a | Полочн. индекс | Ю9 | ||
| 245 | 10 | a | Заглавие | Практическая психодиагностика |
| b | Продолж. заглавия | методики и тесты | ||
| c | Ответственность | [ред.-сост. и авт. предисл. Д. Я. Райгородский] | ||
| 260 | 0_ | a | Место издания | Самара |
| b | Издательство | БАХРАХ-М | ||
| c | Дата издания | 2007 | ||
| 300 | a | Объем | 667, [1] с. | |
| 504 | a | Библиография | Библиогр.: с. 661-664. | |
| 583 | a | Действие | Получение впервые 45 11.03.2008 | |
| k | Исполнитель действия | Взамен утраченных | ||
| 650 | a | Основная рубрика | Психологическая диагностика | |
| x | Основная подрубрика | Теория | ||
| x | Основная подрубрика | Методика | ||
| 650 | a | Основная рубрика | Психология | |
| 653 | a | Ключевые слова | Психодиагностика | |
| a | Ключевые слова | Психология | ||
| 700 | 1_ | a | Другие авторы | Райгородский Даниил Яковлевич |
| e | Роль лиц | ред.-сост. | ||
| 852 | t | Порядковый номер экземпляра | 3 | |
| p | Инвентарный номер | 903342 | ||
| p | Инвентарный номер | 903343 | ||
| p | Инвентарный номер | 903344 | ||
| 863 | t | 00220424 | ||
| 863 | t | 00220425 | ||
| 863 | t | 00220426 | ||
| 888 | a | Бесплатные | ||
| 952 | p | 45.2008 170.00 1 903342 | ||
| p | 45.2008 170.00 1 903343 | |||
| p | 45.2008 170.00 1 903344 | |||
| c | Вид литературы | К ру | ||
| 954 | a | Дата поступления на обработку | 20080321 | |
| 999 | a | Подразделение 2 | Фил2 |